00335 a2200121 4500003000500000005001700005040000900022082001400031100003800045245009800083260002300181300000900204NUST20230221181052.0 cNust a297.3,AZI aAziz, abdul bin abdullah bin baz ajadu tone ka ilaj / جادو ٹونے کا علاج (Urdu) /cAbdul Aziz bin abdullah bin baz aLahorebDarussalam a28p.